000 00381nam a22001697a 4500
003 MPLRDC
005 20220104124226.0
008 210129b ||||| |||| 00| 0 eng d
020 _a962-293-050-6
082 _a241 SJGH
100 _a不详
245 _a圣经
_c
260 _a
_b圣经公会
_c1979
300 _b
650 _a基督教--圣经
942 _cBK
_o241 SJGH
999 _c17634
_d17624